000 00477pab a2200181 454500
008 180718b2017 xxu||||| |||| 00| 0 eng d
100 _aLundborg, Petter
245 _aCam women have children and a career? IV evidence from IVF treatments
260 _c2017
300 _ap.1611-1637.
362 _aJun
650 _aFertility
650 _aWomen
700 _aRasmussen, Astrid Wurtz
700 _aPlug, Erik
773 _aAmerican Economic Review
909 _a114961
999 _c114955
_d114955